00813nam a22002417a 450000500170000001000130001702000100003003500130004003700160005304000120006908200130008110000250009424500480011926000410016727000420020830000230025050000510027365000430032465000280036794200220039599900190041795201350043620170124105926.0 aA-297460 c00.00 aA-297460 bCen Lib/Ret aDPLbEN a330bJHI aJhingan, M. L.96515 aInternational economics /cby M. L. Jhingan aNew DelhibKonark Publicationsc1986 a16/4560, DaryaganjbNew Delhie110002 axi,390p.c20cm(Hb) aIncludes bibliographical references and index aInternational economic relations96516 aCommercial policy96517 2ddccENh330mJHI c123500d123500 00104070aLbLd2015-06-08eCen Lib/Retg0.00l1m1o330 JHIpA-297460r2019-01-24 00:00:00s2018-11-12t1v0.00w2015-06-08yEN